000 00461nam a2200181Ia 4500
008 240925s9999 xx 000 0 und d
020 _a9780170120081
082 _a658.802 CHI
100 _aChitty, William
245 0 _aIntegrated Marketing Communications
250 _aNA
260 _aAustralia:
_bThomson Learning
_c,2005.
300 _a673p.
_b0
_fOriginal
500 _aIncludes Index
600 _aManagement
650 _aManagement
942 _cBK
999 _c14500
_d14500